[Event "ESP-chT 1st Division 2020"]
[Site "Padron"]
[Date "2020.10.07"]
[Round "5.9"]
[White "Laiz Ibanez, Hector"]
[Black "Larino Nieto, David"]
[Result "1-0"]
[WhiteElo "2318"]
[BlackElo "2477"]
[Annotator "TA"]
[PlyCount "183"]
[EventDate "2020.10.01"]
[EventType "team-tourn"]
[EventCountry "ESP"]
[SourceTitle "playchess.com"]
[Source "ChessBase"]
[SourceQuality "1"]

{[%evp 17,183,48,61,41,53,3,60,47,48,51,50,52,52,45,56,52,49,48,135,140,143,143,160,160,180,111,106,110,115,108,110,97,107,105,129,146,180,181,162,171,176,177,231,237,232,202,215,213,203,206,199,192,191,164,231,191,211,177,256,140,125,116,109,89,141,139,164,154,181,155,238,234,204,156,6498,5916,7308,12797,6194,6797,6797,6153,5265,5193,29982,29980,29980,29981,4086,29974,29986,29981,5828,3947,6075,1624,1466,1440,960,934,858,793,1492,1501,797,1927,1971,1920,1489,1466,1772,1658,1785,2072,1652,1558,29986,29987,29987,29988,29988,29986,29987,29987,29987,29982,29987,29988,29991,29987,29987,29982,29982,29983,29988,29989,29990,29991,29991,29992,29994,29989,29990,29991,29991,29992,29992,29989,29989,29989,29989,29990,29989,29990,29991,29990,29993,29990,29995,29995,29995,29996,29996,29990,29990,29991,29991,29992]} 1. e4 e5 2. Nf3 Nc6 3. Bb5 Nf6 4. O-O d6 5. d4 Bd7 6. Nc3 exd4 7. Nxd4 Be7 8. Nxc6 bxc6 {8...Bxc6 deserves study.} 9. Bd3 O-O 10. h3 {C66: Ruy Lopez: Steinitz Defence.} Re8 11. b3 {[#]} c5 $146 (11... d5 $11) ({Predecessor:} 11... d5 12. Bb2 Bb4 13. exd5 cxd5 14. Ne2 Bd6 15. c4 c6 16. cxd5 Nxd5 17. a3 Qg5 {½-½ (54) Feichter,E (1958)-Csikos,M (2086) Hungary 2010}) 12. Bb2 {White is slightly better.} Bc6 13. Nd5 Nxd5 14. exd5 Bd7 $1 15. Qf3 Bf8 16. Rfe1 Qg5 17. a4 {[%cal Ba2a4,Ba4b5][%mdl 32]} g6 (17... Re7 $14) 18. Bb5 $1 $36 {[%cal Rb5d7][%mdl 2048] White is on the roll.} Bxb5 19. Qc3 $1 {[%csl Gb2][%cal Rc3h8]} ({Resist} 19. axb5 Rxe1+ 20. Rxe1 Bg7 $14) 19... f6 20. axb5 {Black must now prevent Rxe8.} Re5 21. Qa5 ({Better is} 21. Qf3 $18) 21... Rxe1+ 22. Rxe1 Qxd5 23. Qxc7 Qf7 24. Qc6 Rd8 25. c4 Bg7 26. Rd1 Qe6 27. Qc7 Rd7 28. Qc8+ Kf7 29. Bc3 $1 Qe8 (29... Re7 $142 30. Qc6 Bf8) 30. Qc6 $18 Bf8 31. Kh2 Rd8 {[#]} 32. Qf3 $1 {[%cal Rf3f6]} Qe6 33. g4 d5 34. cxd5 Qd6+ 35. Kg2 Be7 (35... Rd7 $142 36. h4 Bg7) 36. Rd3 Rd7 37. Bd2 Qb6 (37... Bd8 $142 38. Bf4 Qb6) 38. Bf4 (38. Qe4 $18) 38... Bd6 $16 39. Bxd6 Qxd6 {[%mdl 4096] Endgame KQR-KQR} 40. h4 Re7 ({Black should play} 40... a6) 41. Rd1 Kg7 42. Ra1 Qb8 43. Ra6 Rf7 (43... Qe5 $16 44. Qd3 Qf4) 44. Qd3 $18 Qf4 45. Ra4 Qh6 $2 {Loses the game.} (45... Qd6 $16 46. Ra6 Qf4) 46. d6 Rd7 47. Qd5 Qxh4 48. Qe6 Rf7 49. d7 f5 50. Qe5+ {[%mdl 64] Double Attack} Kh6 51. Qe8 f4 52. d8=Q Qxg4+ 53. Kf1 Rf5 54. Ra6 Qh3+ 55. Ke2 {White threatens Rxg6+! and mate.} Qh5+ 56. Kd2 {Hoping for Qg8.} Rd5+ 57. Qxd5 Qxd5+ 58. Kc2 c4 59. Qe2 Qf5+ 60. Kb2 Qxb5 61. Qxc4 Qe5+ 62. Kc2 Kg5 63. Rxa7 h5 64. b4 {Intending Ra5! and mate.} Qe1 65. Qd4 Qe2+ 66. Kb3 Qf1 67. Ra1 {White mates.} Qg2 68. Kc4 Kg4 69. Qd1+ f3 70. Qd4+ Kh3 71. b5 {[%cal Bb4b5,Bb5b6][%mdl 32]} Qg5 72. b6 Qe7 73. Rg1 Qe6+ 74. Kb4 Qe7+ 75. Kb5 Qe8+ {[#]} 76. Kc5 $1 Qc8+ 77. Kb4 Qf8+ 78. Kb3 Kh2 79. Rg3 {[%cal Rd4h4]} Qf7+ 80. Kb2 {[%cal Rd4h4]} Qe7 81. Rxg6 Qe2+ 82. Kb3 {[%cal Rd4h4]} Qb5+ 83. Kc3 {[%cal Rd4h4]} Qa5+ 84. Kd3 {[%cal Rd4h4]} Qb5+ 85. Ke3 {[%cal Rd4h4]} Qb3+ 86. Kf4 h4 87. Kg4 Kh1 88. Kxh4 Qb1 89. Qg4 {[%cal Rg4h3]} Qf1 {[#]} 90. Qg1+ $1 {[%mdl 64] Promotion} Qxg1 91. Rxg1+ Kxg1 92. Kg3 {Accuracy: White = 85%, Black = 59%.} 1-0

[Event "ESP-chT 1st Division 2020"]
[Site "Padron"]
[Date "2020.10.07"]
[Round "5.10"]
[White "Gomez Dieguez, David"]
[Black "Abal Cores, Lucas"]
[Result "1-0"]
[WhiteElo "2261"]
[BlackElo "2315"]
[Annotator "TA"]
[PlyCount "57"]
[EventDate "2020.10.01"]
[EventType "team-tourn"]
[EventCountry "ESP"]
[SourceTitle "playchess.com"]
[Source "ChessBase"]
[SourceQuality "1"]

{[%evp 14,57,13,7,34,14,30,21,31,16,20,0,-3,2,13,20,14,1,7,4,16,4,17,0,0,-51,-14,-35,-26,-31,17,0,0,-15,815,792,1579,1612,29990,29991,29995,29996,29996,29997,29997,29998]} 1. e4 c5 2. Nc3 Nc6 3. Nge2 g6 4. d4 cxd4 5. Nxd4 Bg7 6. Be3 Nf6 7. Bc4 O-O 8. Bb3 Re8 {B35: Sicilian: Accelerated Dragon with 5 Nc3: main line.} 9. f3 e6 10. f4 d6 {The position is equal.} 11. Ndb5 Bf8 12. O-O a6 13. Nd4 {[#]} d5 $146 ({Predecessor:} 13... Na5 14. Qf3 Bg7 15. e5 Nd7 16. exd6 Nb6 17. Rad1 Nbc4 18. Na4 Bd7 19. Nc5 Nxb2 {½-½ (54) Djukic,N (2561)-Saric,A (2543) Jahorina 2018}) 14. e5 Nd7 15. Qe1 Nxd4 16. Bxd4 b5 17. Qf2 Bb7 18. Rae1 Rc8 19. g4 ({Better is} 19. Qe3 $11) 19... Nc5 20. f5 Rc7 21. f6 Qc8 22. Qh4 b4 23. Rf3 Ne4 $2 {[%mdl 8192] This costs Black the game.} (23... bxc3 24. Rh3 $14) (23... Nxb3 $11 24. cxb3 h6) 24. Nxe4 $18 dxe4 25. Rh3 {[%csl Gh3][%cal Rh4h7] [#]} h5 26. gxh5 {White mates.} g5 27. Qxg5+ Kh7 28. Be3 Rc3 29. Rg3 {Accuracy: White = 94%, Black = 63%.} 1-0

[Event "ESP-chT 1st Division 2020"]
[Site "Padron"]
[Date "2020.10.07"]
[Round "5.11"]
[White "Segura Santos, Luis"]
[Black "Hernandez Estevez, Yudania"]
[Result "1-0"]
[WhiteElo "2122"]
[BlackElo "2197"]
[Annotator "TA"]
[PlyCount "59"]
[EventDate "2020.10.01"]
[EventType "team-tourn"]
[EventCountry "ESP"]
[SourceTitle "playchess.com"]
[Source "ChessBase"]
[SourceQuality "1"]

{[%evp 10,59,48,47,47,35,63,6,40,13,100,45,91,25,36,33,154,33,73,79,156,81,222,235,225,201,285,266,260,263,458,463,458,443,509,511,496,486,770,767,744,732,960,718,681,682,29983,29984,29991,29992,29996,29997]} 1. e4 d6 2. d4 Nf6 3. Nc3 g6 4. Be3 c6 5. Qd2 Nbd7 6. Nf3 e5 {B07: Pirc Defence: Miscellaneous Systems.} 7. O-O-O {dxe5 is the strong threat.} Qc7 {[#]} 8. Bh6 $146 (8. h4 $14) ({Predecessor:} 8. Kb1 Bg7 9. h3 O-O 10. Bh6 Re8 11. dxe5 dxe5 12. Bc4 b5 13. Bb3 Nc5 14. Rhe1 {½-½ (53) Skripchenko,A (2456)-Fridman,D (2594) playchess.com INT 2004}) 8... Be7 {The position is equal.} 9. Bd3 Nf8 (9... Ng4 $11 {remains equal.}) 10. Rhe1 (10. h3 $16) 10... Bg4 11. dxe5 ({White should play} 11. d5 $16) 11... dxe5 $11 12. Bc4 $36 {[%mdl 2048] Black is under pressure.} Ne6 ({Better is} 12... b5 $14 13. Bb3 Ne6) 13. Bxe6 ({White has to play} 13. Nb5 $1 $16 {[%cal Rb5c7]} Qb8 14. Bxe6 Bxe6 15. Bg7) 13... fxe6 14. Qe3 Nd7 (14... Bh5 $142 15. h3 Bxf3 16. Qxf3 Ng8) 15. Kb1 (15. Rxd7 $142 $1 Kxd7 16. Ng5) 15... Rg8 {[#] Black cannot hold the game after this.} (15... O-O-O $16 {was necessary.}) 16. Rxd7 $1 $18 Kxd7 {[#]} 17. Ng5 $1 Bf8 (17... Bh5 $142 18. Qh3 Bxg5 19. Bxg5 Rae8) 18. Nxh7 {aiming for Nf6+.} Be7 {...Rh8 would now be nice for Black.} 19. Bg5 {Strongly threatening Bxe7.} Rh8 $2 (19... Kc8 {was worth a try.} 20. f3 Bh5 21. Bxe7 Qxe7) 20. Nf6+ Bxf6 21. Bxf6 Rhf8 22. Qg5 Bh5 23. f3 ({Less strong is} 23. Bxe5 Qd8 $18) 23... Rf7 (23... Kc8 $142 24. g4 b6) 24. Rd1+ Ke8 25. g4 Rd7 26. Rg1 Rh7 27. gxh5 Kf8 28. hxg6 {White mates.} Rh3 29. Bxe5 Qb6 30. Qf6+ {[%mdl 64] Double Attack. Accuracy: White = 61%, Black = 29%.} 1-0

[Event "ESP-chT 1st Division 2020"]
[Site "Padron"]
[Date "2020.10.07"]
[Round "5.12"]
[White "Gomez Carreno, Martin"]
[Black "Dorado Meijide, Andrea"]
[Result "1-0"]
[WhiteElo "2051"]
[BlackElo "1779"]
[Annotator "TA"]
[PlyCount "77"]
[EventDate "2020.10.01"]
[EventType "team-tourn"]
[EventCountry "ESP"]
[SourceTitle "playchess.com"]
[Source "ChessBase"]
[SourceQuality "1"]

{[%evp 12,77,27,24,19,18,20,30,40,7,14,18,33,26,39,26,42,20,43,48,38,39,67,61,68,62,115,121,127,122,145,100,129,129,129,127,131,111,114,111,117,111,147,118,117,130,201,168,201,200,338,338,299,305,396,389,389,381,450,433,440,415,409,408,472,398,551,544]} 1. e4 e6 2. d4 d5 3. Nd2 c5 4. exd5 exd5 5. Ngf3 Nc6 6. Bb5 Qe7+ {outshines the older 6...Bd6. Played by Shakhriyar Mamedyarov in July 2020.} 7. Be2 Qc7 {C09: French Tarrasch: 3...c5 4 exd5 exd5 5 Ngf3 Nc6.} 8. O-O Nf6 9. Re1 cxd4 {White has an edge.} 10. Bb5+ Be7 $1 11. Qe2 Bg4 12. h3 {[#]} Bh5 $146 ({Predecessor:} 12... Bxf3 13. Nxf3 Ne4 14. Nxd4 O-O 15. Be3 Nxd4 16. Bxd4 Bc5 17. Rad1 Bxd4 18. Rxd4 Nf6 {1-0 (48) Radeva,V (2275)-Gocheva,R (2059) Pleven 2018}) 13. g4 Bg6 14. Nxd4 Ne4 15. Nxe4 dxe4 16. Nf5 $36 {[%mdl 2048] White is more active.} O-O 17. Bxc6 bxc6 18. Qxe4 Bc5 {White now steadily converts the win.} (18... Bf6 $14) 19. Qe5 $16 Qxe5 20. Rxe5 Bb6 21. Be3 Rfe8 22. Ne7+ Kf8 23. Nxg6+ hxg6 24. Rxe8+ Rxe8 25. Bxb6 axb6 {[%mdl 4096] Endgame KR-KR} 26. Kf1 Re5 27. Rd1 Rc5 28. c3 f5 (28... Ke7 $16 29. h4 Ra5) 29. Rd7 Ra5 30. a3 Ra4 (30... Rc5 {might work better.} 31. Rc7 b5) 31. Rd6 $18 fxg4 32. hxg4 ({Don't take} 32. Rxc6 $6 gxh3 33. Rxb6 g5 $18) 32... Rc4 33. Rxg6 Kf7 34. Rd6 b5 35. f3 Ke7 36. Rd4 {[#] Rxc4 is the strong threat.} Rc5 37. Ke2 Ke6 38. Kd3 g6 39. f4 {Accuracy: White = 88%, Black = 54%.} 1-0

[Event "ESP-chT 1st Division 2020"]
[Site "Padron"]
[Date "2020.10.07"]
[Round "5.13"]
[White "Pap, Misa"]
[Black "Del Rio De Angelis, Salvador G."]
[Result "1/2-1/2"]
[WhiteElo "2447"]
[BlackElo "2508"]
[Annotator "TA"]
[PlyCount "66"]
[EventDate "2020.10.01"]
[EventType "team-tourn"]
[EventCountry "ESP"]
[SourceTitle "playchess.com"]
[Source "ChessBase"]
[SourceQuality "1"]

{[%evp 16,66,27,28,32,24,23,28,25,23,34,34,30,26,22,27,43,42,42,7,13,12,30,29,38,24,15,21,63,0,0,0,0,0,12,-22,0,-95,-105,-98,-102,-114,-97,-116,-120,-117,-117,-106,-112,-119,-91,-214,0]} 1. e4 Nf6 2. e5 Nd5 3. d4 d6 4. c4 Nb6 5. exd6 exd6 6. Nc3 Be7 7. Bd3 O-O 8. Nge2 Nc6 9. O-O Re8 {B03: Alekhine's Defence: Four Pawns Attack.} 10. b3 a5 11. Be3 Nb4 {White has an edge.} 12. Bb1 a4 13. a3 axb3 14. Qxb3 Nc6 {[%cal Bb4c6,Bc6e5,Be5g6][%mdl 32]} 15. c5 Nd7 {[%cal Rd6c5]} 16. Ba2 Rf8 {[%cal Rd6c5] [#]} 17. Nb5 $146 ({Predecessor:} 17. cxd6 Bxd6 18. Nb5 Nf6 19. d5 Ne5 20. Nxd6 Qxd6 21. Bf4 Nh5 22. Bxe5 Qxe5 23. Rfe1 {1-0 (53) Lobzhanidze,D (2445)-Theulings,P (2130) Groningen 2013}) 17... Nf6 18. cxd6 cxd6 19. d5 Ne5 20. Rac1 Bd7 21. Nc7 Ra4 22. f4 (22. Bb6 $14) 22... Ng6 $11 23. Bb6 {[#] Hoping for Nc3.} Qb8 $1 24. Nd4 Ne8 25. Bb1 Rxd4 26. Nxe8 (26. Bxd4 $11 Nxc7 27. f5) 26... Rxf4 $17 27. Nc7 Rxf1+ 28. Rxf1 Rc8 {And now ...Bd8 would win.} 29. Bxg6 hxg6 30. Nb5 Bf6 31. a4 Be5 32. a5 Rf8 33. Nc7 {[#]} (33. Na3 $17) 33... Rc8 $2 {Accuracy: White = 71%, Black = 85%.} ({Better is} 33... Qd8 $1 $19 34. g3 Bh3) 1/2-1/2

[Event "ESP-chT 1st Division 2020"]
[Site "Padron"]
[Date "2020.10.07"]
[Round "5.14"]
[White "Demuth, Adrien"]
[Black "Pile, Richard"]
[Result "1/2-1/2"]
[WhiteElo "2488"]
[BlackElo "2450"]
[Annotator "TA"]
[PlyCount "60"]
[EventDate "2020.10.01"]
[EventType "team-tourn"]
[EventCountry "ESP"]
[SourceTitle "playchess.com"]
[Source "ChessBase"]
[SourceQuality "1"]

{[%evp 9,60,0,-2,-2,14,13,5,9,10,-4,5,7,0,0,10,20,25,-4,0,0,0,0,0,0,8,0,2,0,5,6,8,0,0,0,0,0,0,0,0,0,0,0,0,0,0,0,0,0,13,0,0,0,8]} 1. d4 Nf6 2. c4 e6 3. Nc3 Bb4 4. Nf3 b6 5. Qb3 c5 6. dxc5 {E21: Nimzo-Indian: 4 Nf3.} Bxc5 7. Bf4 $1 {[%mdl 4] is recently more successful than 7.Bg5.} O-O 8. Rd1 Bb7 9. e3 Na6 {[%cal Bb8a6,Ba6c5,Bc5e4][%mdl 32]} 10. Be2 Be7 11. O-O {[#]} Qc8 $146 (11... Nc5 $5 {[%cal Rc5b3]} 12. Qc2 d6 $11) ({Predecessor:} 11... Nc5 12. Qc2 Nce4 13. Nxe4 Bxe4 14. Bd3 Bxd3 15. Rxd3 Qc8 16. Qa4 d5 17. cxd5 Nxd5 {1-0 (41) Stocek,J (2561)-Brunello,S (2391) Trieste 2006}) 12. Nb5 Ne4 13. Nd6 Bxd6 {The position is equal.} 14. Bxd6 Nac5 15. Qc2 Nxd6 16. Rxd6 Qc7 17. Rd4 (17. Rdd1 {is interesting.} a5 18. Nd4 d5 19. cxd5 Bxd5 20. Bf3) 17... e5 18. Rdd1 Ne4 19. Nd2 Nf6 20. Bd3 Rfd8 21. Qb1 d5 22. cxd5 Bxd5 23. Ne4 Bxe4 24. Bxe4 {[#] Threatens to win with Rc1.} Rxd1 25. Rxd1 Rd8 26. Rxd8+ Qxd8 27. Qd3 Qc7 28. Qc2 Qd8 29. Qd3 Qc7 30. Qc2 Qd8 {An uneventful encounter. Accuracy: White = 95%, Black = 100%.} 1/2-1/2

[Event "ESP-chT 1st Division 2020"]
[Site "Padron"]
[Date "2020.10.07"]
[Round "5.15"]
[White "Hernando Rodrigo, Julio Antonio"]
[Black "Narciso Dublan, Marc"]
[Result "0-1"]
[WhiteElo "2266"]
[BlackElo "2477"]
[Annotator "TA"]
[PlyCount "108"]
[EventDate "2020.10.01"]
[EventType "team-tourn"]
[EventCountry "ESP"]
[SourceTitle "playchess.com"]
[Source "ChessBase"]
[SourceQuality "1"]

{[%evp 13,107,9,15,0,0,0,12,-16,-14,-26,2,0,17,0,0,-14,0,0,4,-87,-126,-102,10,0,0,-12,0,0,28,0,30,39,52,14,10,0,29,19,137,125,305,283,289,289,267,261,289,195,217,234,240,239,282,217,318,311,313,302,298,286,289,233,400,403,381,256,245,147,152,25,14,0,0,0,0,0,0,0,0,-136,-58,-2338,-2120,-2170,-2106,-2074,-1045,-29985,-29986,-29987,-29988,-29996,-29997,-29997,-29998,-29999]} 1. d4 d5 2. Nf3 Nf6 3. c4 c6 4. e3 Bf5 5. Nc3 e6 6. Bd3 Bg6 7. O-O Nbd7 8. a3 {D12: Slav Defence: 3 Nf3 Nf6 4 e3 Bf5.} Bd6 9. h3 Ne4 {[#]} 10. Qc2 $146 {[%cal Rc3e4] The position is equal.} (10. Bxe4 $5 dxe4 11. Nd2 $11) ({Predecessor:} 10. Bxe4 Bxe4 11. Nxe4 dxe4 12. Nd2 Qh4 13. Qc2 Nf6 14. b4 a6 15. Bb2 Be7 16. f3 {1-0 (35) Wibisono,J-Gil Zepeda,C ICCF email 2018}) 10... f5 11. Ne2 Bf7 12. b4 a6 13. Bb2 Qf6 14. b5 cxb5 15. c5 Rc8 16. Qb3 (16. a4 $11 b4 17. Qb3) 16... Bc7 $17 17. a4 b4 (17... Bh5 $17 {Strongly threatening ...Bxf3.} 18. axb5 O-O) 18. c6 bxc6 19. Bxa6 Rb8 20. Rfc1 $36 {[%mdl 2048] White is pushing.} O-O 21. Rxc6 Ba5 22. Bb5 Ra8 23. Nf4 Qe7 $1 24. h4 Rfb8 25. Rc2 Nc3 (25... Rc8 $11 {keeps the balance.}) 26. Bc6 $16 Nb6 $2 (26... Ne4 $16) 27. Bxa8 $18 ({Resist} 27. Bxc3 bxc3 28. Bxa8 Qc7 $18) 27... Rxa8 28. Bxc3 bxc3 29. Ne5 Be8 30. Ned3 Rb8 31. Rcc1 Qd6 32. Rcb1 Bc6 33. Nc5 Nd7 (33... e5 {was called for.}) 34. Qc2 Rxb1+ 35. Rxb1 ({Weaker is} 35. Qxb1 Nxc5 36. dxc5 Qe5 $16) 35... Nxc5 36. dxc5 Qe5 {and if ...d4 works, Black does fine.} 37. Qd3 {Black must now prevent Qa6.} Kf7 $2 (37... d4) 38. Qa6 Qc7 {and the idea ...d4 leaves Black hopeful.} 39. Nd3 {Qxc6! is the strong threat.} Kf6 40. f4 c2 41. Ra1 ({White should try} 41. Rb2 $16) 41... Bd2 $11 42. Qb6 Bxe3+ 43. Kf1 Qc8 44. Qb2+ d4 {Hoping for ...Be4.} 45. Qxc2 Qa6 46. Qe2 (46. g3 $11 {remains equal.}) 46... Qc4 (46... Be4 $17 47. Ne1 Qa5) 47. Nc1 $2 {[%mdl 8192]} (47. Re1 $15) 47... Qc3 $19 48. Rb1 Bxc1 49. Qe5+ Kf7 {( -> ...Be3)} 50. Qc7+ {[#]} Kg6 $1 {Black mates.} 51. Qxc6 Qd3+ {[%mdl 64] Double Attack} 52. Kf2 Be3+ 53. Kg3 {[#]} Bxf4+ $1 {[%mdl 576] Clearance} 54. Kxf4 Qe3# {Quite a comeback for Black. Accuracy: White = 57%, Black = 64%.} 0-1

[Event "ESP-chT 1st Division 2020"]
[Site "Padron"]
[Date "2020.10.07"]
[Round "5.16"]
[White "Suarez Garcia, Carlos"]
[Black "Hernando Rodrigo, Jose Maria"]
[Result "1-0"]
[WhiteElo "2439"]
[BlackElo "2311"]
[Annotator "TA"]
[PlyCount "157"]
[EventDate "2020.10.01"]
[EventType "team-tourn"]
[EventCountry "ESP"]
[SourceTitle "playchess.com"]
[Source "ChessBase"]
[SourceQuality "1"]

{[%evp 23,157,24,23,20,13,11,15,16,32,32,32,40,20,22,31,45,44,43,47,36,44,37,40,50,52,37,37,47,108,77,109,101,101,62,472,471,431,427,564,564,543,555,555,551,547,547,542,534,530,527,5065,4822,2104,1116,1058,489,369,318,243,205,196,110,122,105,147,166,130,85,71,92,280,280,481,462,470,375,375,369,365,262,243,0,354,325,339,314,412,254,240,206,218,56,99,0,88,0,95,96,100,92,91,70,151,141,128,151,140,54,68,68,64,19,63,41,75,11,244,237,237,237,237,237,244,237,237,237,237,237,226,226,29981,29982,29996,29997,29997,142]} 1. Nf3 Nf6 2. b3 g6 3. Bb2 Bg7 4. g3 c5 5. c4 Nc6 6. Bg2 O-O 7. O-O d6 8. d4 cxd4 9. Nxd4 Bd7 10. Nc3 Nxd4 11. Qxd4 Bc6 12. Nd5 Bxd5 {Nowadays more popular than 12...Ne8.} 13. Bxd5 {E60: King's Indian: Unusual lines and Fianchetto Variation without Nc3.} Nh5 14. Qd2 Bxb2 15. Qxb2 {The position is equal.} Qc7 {[#]} 16. f4 $146 ({Predecessor:} 16. Qd4 Nf6 17. Rac1 a5 18. Bg2 Rac8 19. Rfd1 b6 20. a3 Qc5 21. Qb2 Rc7 22. b4 axb4 23. axb4 {½-½ (42) Ng,G (2272)-Montalvo,A (2183) Charlotte 2018}) 16... Nf6 17. Bf3 a5 18. Rac1 Rab8 19. Kg2 Qc5 20. Qd2 Rfd8 21. h3 e5 22. Bd5 Nxd5 23. cxd5 Qb5 24. fxe5 dxe5 25. e4 Rd7 (25... a4 $14) 26. g4 Rf8 27. Rc4 $36 {[%mdl 2048] Black is under strong pressure.} f5 28. Qc3 fxe4 $2 {[%mdl 8192]} (28... Re7 $14) 29. Rxf8+ $18 Kxf8 30. Qxe5 {Rc8+ would kill now.} Qxd5 $14 {[%mdl 4096] Endgame KQR-KQR} 31. Qf6+ Ke8 32. Rc8+ Rd8 33. Qh8+ {[%mdl 64] Double Attack} Ke7 34. Qxh7+ {[%mdl 64] Double Attack} Kf6 35. Qh4+ g5 36. Qh6+ Kf7 {( -> ...Qd2+)} 37. Rc7+ Rd7 38. Qh7+ Ke6 39. Rxd7 (39. Qg8+ $142 Kf6 40. Qf8+ Kg6 41. Qf5+ $1 {[%mdl 512]} Qxf5 42. gxf5+ Kxf5 43. Rxd7) 39... Qxd7 $18 {KQ-KQ} 40. Qf5+ Kd6 {...Qxf5 is the strong threat.} 41. Qxe4 ({Not} 41. Qxa5 Qc8 $16) 41... Qg7 42. Kf3 (42. Qe3 $18) 42... Kc7 43. Qc2+ Kb8 44. Qc5 $1 Qf6+ 45. Ke4 Qf4+ 46. Kd5 {Threatens to win with Qd6+.} Qf3+ $2 (46... Qd2+ $16 47. Ke6 Qxa2) 47. Ke6 Qxh3 $2 (47... a4 48. bxa4 (48. Qxg5 axb3 49. Qd8+ Ka7 $18) 48... Qf4) 48. Qxg5 b6 49. Qd8+ Ka7 50. Qc7+ Ka6 51. Qc8+ Ka7 52. Qc7+ (52. Qd7+ $142 $1 Ka6 53. Qc8+ Ka7 54. Qc7+ Ka6 55. Qc4+ b5 56. Qe4) 52... Ka6 53. Qf4 Ka7 54. Qd4 Qh6+ 55. Kf5 Qh7+ 56. Kg5 Qc2 57. Qa4 $2 ({Better is} 57. Qd7+ $18 Ka6 58. Kf4) 57... Qc5+ 58. Kh4 (58. Kf4 $16) 58... Qf2+ (58... Qe7+ $11 {remains equal.} 59. g5 Qe1+ 60. Kh5 Qe2+ 61. Kh6 Qh2+ 62. Kg7 Qc7+ 63. Kf8 Qc5+ 64. Kf7 Qf5+ 65. Ke7 Qe5+ 66. Kd7 Qd5+ 67. Ke7 Qe5+ 68. Kf7 Qf5+ 69. Ke7 Qe5+) 59. Kh5 $1 $16 {Hoping for Qd7+.} Qf7+ (59... Qh2+ $1 $11 60. Kg6 Qd6+ 61. Kf7 Qd5+ 62. Kf6 Qd6+ 63. Kf5 Qd5+ 64. Kf4 Qd2+ 65. Ke4 Qg2+ 66. Ke5 Qe2+ 67. Kf6 Qf3+ 68. Ke6 Qe3+ 69. Kf7 Qf3+ 70. Kg7 Qc3+ 71. Kg8 Qc8+ 72. Kf7 Qc7+ 73. Ke6 Qc2) 60. Kg5 Qg7+ 61. Kf4 $1 Qf6+ 62. Ke4 Qg6+ {[#]} (62... Qg7 $14) 63. Ke3 $1 Qg5+ 64. Qf4 Qc5+ 65. Kd2 (65. Qd4 $16 Qc7 66. Kf3) 65... Qa3 $1 $14 66. Qc7+ Ka6 67. Qc4+ Ka7 68. g5 {Strongly threatening Ke3.} Qxa2+ 69. Ke3 (69. Qc2 $16 Qa3 70. g6) 69... Qg2 $2 {[#]} (69... Qh2 $1 $11) 70. Qf7+ $1 $18 Ka6 71. g6 Qg3+ 72. Ke4 {aiming for g7.} Qg4+ 73. Ke5 Qg5+ 74. Kd6 {Black must now prevent g7.} Qc5+ 75. Kd7 Qd4+ 76. Kc8 Qc5+ $2 (76... Qh8+ $18 77. Kd7 Qd4+ 78. Ke8 Qh8+ 79. Ke7 Qh4+ 80. Qf6 Qe1+ 81. Qe6 Qg3) 77. Kb8 {White mates.} Qe3 78. Qc4+ b5 79. Qc8+ {Accuracy: White = 65%, Black = 56%.} 1-0

[Event "ESP-chT 1st Division 2020"]
[Site "Padron"]
[Date "2020.10.07"]
[Round "5.17"]
[White "Korneev Leskova, Svyatoslav"]
[Black "Travadon, Loic"]
[Result "1/2-1/2"]
[WhiteElo "2170"]
[BlackElo "2424"]
[Annotator "TA"]
[PlyCount "111"]
[EventDate "2020.10.01"]
[EventType "team-tourn"]
[EventCountry "ESP"]
[SourceTitle "playchess.com"]
[Source "ChessBase"]
[SourceQuality "1"]

{[%evp 18,111,0,-7,-14,-7,0,-8,0,-16,27,22,6,-15,12,0,12,-62,0,0,0,0,0,0,0,0,0,0,0,0,0,0,0,0,0,-18,-18,-35,-34,-40,-23,-29,-20,-44,-52,-126,-126,-113,-50,-57,-50,-50,-50,-56,-64,-50,-50,-109,-20,-92,-15,-25,0,0,0,0,0,0,0,0,0,0,0,-61,0,0,0,0,0,0,0,0,0,0,43,43,43,37,151,102,108,161,169,170,216,208]} 1. c4 g6 2. g3 Bg7 3. Nc3 d6 4. Bg2 e5 5. d3 f5 6. e3 Nf6 7. Nge2 O-O 8. O-O c6 9. Rb1 Be6 10. b3 d5 {A21: English Opening: 1...e5 2 Nc3.} 11. cxd5 {[#]} cxd5 $146 ({Predecessor:} 11... Nxd5 12. Nxd5 Bxd5 13. e4 Be6 14. Be3 Qa5 15. Qc2 Na6 16. d4 Nb4 17. Qc3 Qb5 18. Rb2 fxe4 19. Bxe4 {0-1 (27) Travesset Ribera,D (2161)-Mendez Camarasa,F Spain 2004}) 12. Bb2 Nc6 {The position is equal.} 13. Na4 b6 14. Rc1 Rc8 15. Qd2 Rf7 16. Rc2 Rfc7 17. Ba3 (17. Rfc1 $11) 17... Bf8 (17... d4 $15 18. exd4 Nxd4 19. Nxd4 exd4 20. Rxc7 Rxc7) 18. Bxf8 $11 Qxf8 19. Rfc1 Bf7 20. b4 {b5 is the strong threat.} Qd6 21. b5 Na5 22. Rxc7 Rxc7 23. Rxc7 Qxc7 24. Qc3 Qe7 25. Nb2 Kg7 26. d4 e4 27. h4 h6 28. Bh3 Qd7 29. a4 g5 30. hxg5 hxg5 31. g4 (31. Nc1 $15) 31... fxg4 $17 32. Bf1 Nh5 (32... Be6 $17 33. Nd1 Kg8) 33. Ng3 $15 Nxg3 34. fxg3 Be6 35. Be2 Nb7 36. Nd1 Nd6 37. Nf2 (37. Qc6 $15) 37... Kf8 (37... Nf5 $17 {White must now prevent ...Qd6.} 38. Nxe4 Kg6) 38. Kg2 (38. Qa3 $11) 38... Ke7 (38... Ne8 $17) 39. Qc1 $11 Kd8 40. Qh1 Kc7 41. Qc1+ Kb8 42. Qh1 Kb7 43. Qh8 Nf5 {Threatens to win with ...Qc7.} 44. Nxg4 Nh4+ {[%mdl 64] [#] Discovered Attack} 45. Kg1 ({White should try} 45. Kf2 $11) 45... Bxg4 (45... Nf3+ $1 $15 46. Bxf3 exf3) 46. Bxg4 Nf3+ 47. Bxf3 $1 exf3 {[%mdl 4096] Endgame KQ-KQ} 48. Qe5 g4 49. e4 a6 50. Qf5 ({Wrong is} 50. Qxd5+ $2 Qxd5 51. bxa6+ Kxa6 $19) 50... Qc7 51. Qxg4 axb5 52. axb5 Qc1+ ({Black should play} 52... Qc3 $14) 53. Kf2 $16 Qd2+ 54. Kxf3 Qd3+ {[#]} 55. Kg2 $1 {And now Qd7+ would win.} dxe4 56. Qd7+ {Accuracy: White = 84%, Black = 66%.} 1/2-1/2